Scan to BIM (Record no. 121121)

MARC details
000 -LEADER
fixed length control field 00592nas a22001937a 4500
001 - CONTROL NUMBER
control field L121121
007 - PHYSICAL DESCRIPTION FIXED FIELD--GENERAL INFORMATION
fixed length control field ta
008 - FIXED-LENGTH DATA ELEMENTS--GENERAL INFORMATION
fixed length control field 190930b2019 ||||| |||| 00| 0 eng d
041 ## - LANGUAGE CODE
Language code of text/sound track or separate title eng
100 ## - MAIN ENTRY--PERSONAL NAME
Personal author Murphy, Raymond
245 ## - TITLE STATEMENT
Title Scan to BIM
260 ## - PUBLICATION INFORMATION
Date 2019
490 ## - SERIES TITLE
Series statement RICS Modus
Volume September 2019, 37(1)
520 ## - ABSTRACT
Abstract Looks at how detailed, accurate computer models derived from laser scans bring some of the benefits of building information modelling (BIM) to older buildings.
650 ## - KEYWORDS
Keywords BIM
650 ## - KEYWORDS
Keywords historic buildings
651 ## - SUBJECT ADDED ENTRY--GEOGRAPHIC NAME
Geographic name United Kingdom
690 ## - LOCAL SUBJECT ADDED ENTRY--TOPICAL TERM (OCLC, RLIN)
9 (RLIN) 6274
Topical term or geographic name as entry element PropTech
Holdings
Withdrawn status Lost status Source of classification or shelving scheme Damaged status Not for loan Home library Current library Shelving location Date acquired Total Checkouts Date last seen Price effective from Koha item type
    Dewey Decimal Classification     London London Gallery 30/09/2019   30/09/2019 30/09/2019 Journal article